Daň z pozemkov v lesoch osobitného určenia a v národných parkoch
Daň z pozemkov v lesoch osobitného určenia. Daň z pozemkov v národných parkoch a vo vyhlásených ochranných pásmach. Definícia národného parku.
Saved in:
| Main Author: | |
|---|---|
| Format: | Book Chapter |
| Language: | Slovak |
| Subjects: | |
| Tags: |
No Tags, Be the first to tag this record!
|
MARC
| LEADER | 00000naa a2200000 4500 | ||
|---|---|---|---|
| 001 | r036249 | ||
| 005 | 20230926081615.7 | ||
| 041 | 0 | |a slo | |
| 044 | |a SK | ||
| 245 | 1 | 0 | |a Daň z pozemkov v lesoch osobitného určenia a v národných parkoch |c Irena Bubeníková |
| 520 | |a Daň z pozemkov v lesoch osobitného určenia. Daň z pozemkov v národných parkoch a vo vyhlásených ochranných pásmach. Definícia národného parku. | ||
| 610 | 2 | 0 | |a pozemky |
| 610 | 2 | 0 | |a lesy |
| 610 | 2 | 0 | |a dane z nehnuteľností |
| 610 | 2 | 0 | |a činnosť hospodárska |
| 610 | 2 | 0 | |a zdaňovanie |
| 100 | 1 | |a Bubeníková, Irena | |